<?xml version="1.0" encoding="UTF-8"?><marc:collection xmlns:marc="http://www.loc.gov/MARC21/slim">
  <marc:record>
    <marc:leader>00000nam  2200000za 4500</marc:leader>
    <marc:controlfield tag="001">9.640423</marc:controlfield>
    <marc:controlfield tag="003">CaOODSP</marc:controlfield>
    <marc:controlfield tag="005">20221107134336</marc:controlfield>
    <marc:controlfield tag="007">cr |||||||||||</marc:controlfield>
    <marc:controlfield tag="008">150407s1993    oncb    o    f000 0 fre d</marc:controlfield>
    <marc:datafield tag="040" ind1=" " ind2=" ">
      <marc:subfield code="a">CaOODSP</marc:subfield>
      <marc:subfield code="b">fre</marc:subfield>
    </marc:datafield>
    <marc:datafield tag="043" ind1=" " ind2=" ">
      <marc:subfield code="a">n-cn---</marc:subfield>
      <marc:subfield code="a">n-cn-nu</marc:subfield>
    </marc:datafield>
    <marc:datafield tag="086" ind1="1" ind2=" ">
      <marc:subfield code="a">R32-134/1993F-PDF</marc:subfield>
    </marc:datafield>
    <marc:datafield tag="245" ind1="0" ind2="0">
      <marc:subfield code="a">Accord entre les Inuit de la région du Nunavut et Sa Majesté la Reine du chef du Canada </marc:subfield>
      <marc:subfield code="h">[ressource électronique].</marc:subfield>
    </marc:datafield>
    <marc:datafield tag="260" ind1=" " ind2=" ">
      <marc:subfield code="a">[Ottawa : </marc:subfield>
      <marc:subfield code="b">Affaires indiennes et du Nord Canada : </marc:subfield>
      <marc:subfield code="b">Fédération Tungavik du Nunavut, </marc:subfield>
      <marc:subfield code="c">1993].</marc:subfield>
    </marc:datafield>
    <marc:datafield tag="300" ind1=" " ind2=" ">
      <marc:subfield code="a">298 p. : </marc:subfield>
      <marc:subfield code="b">cartes</marc:subfield>
    </marc:datafield>
    <marc:datafield tag="500" ind1=" " ind2=" ">
      <marc:subfield code="a">« Signé à Iqaluit (Térritoires du Nord-Ouest), le 25 jour de mai, 1993 »--p. 298.</marc:subfield>
    </marc:datafield>
    <marc:datafield tag="500" ind1=" " ind2=" ">
      <marc:subfield code="a">Publ. aussi en anglais sous le titre : Agreement between the Inuit of the Nunavut Settlement Area and Her Majesty the Queen in right of Canada.</marc:subfield>
    </marc:datafield>
    <marc:datafield tag="590" ind1=" " ind2=" ">
      <marc:subfield code="a">12-28-Supp</marc:subfield>
      <marc:subfield code="b">2012-06-15</marc:subfield>
    </marc:datafield>
    <marc:datafield tag="691" ind1="0" ind2="7">
      <marc:subfield code="a">Accord</marc:subfield>
      <marc:subfield code="2">gcpds</marc:subfield>
    </marc:datafield>
    <marc:datafield tag="691" ind1="0" ind2="7">
      <marc:subfield code="a">Inuit</marc:subfield>
      <marc:subfield code="2">gcpds</marc:subfield>
    </marc:datafield>
    <marc:datafield tag="691" ind1="0" ind2="7">
      <marc:subfield code="a">Revendication territoriale</marc:subfield>
      <marc:subfield code="2">gcpds</marc:subfield>
    </marc:datafield>
    <marc:datafield tag="691" ind1="0" ind2="7">
      <marc:subfield code="a">Terres autochtones</marc:subfield>
      <marc:subfield code="2">gcpds</marc:subfield>
    </marc:datafield>
    <marc:datafield tag="710" ind1="1" ind2=" ">
      <marc:subfield code="a">Canada. </marc:subfield>
      <marc:subfield code="b">Affaires indiennes et du Nord Canada.</marc:subfield>
    </marc:datafield>
    <marc:datafield tag="710" ind1="2" ind2=" ">
      <marc:subfield code="a">Fédération Tungavik du Nunavut.</marc:subfield>
    </marc:datafield>
    <marc:datafield tag="775" ind1="0" ind2="8">
      <marc:subfield code="t">Agreement between the Inuit of the Nunavut Settlement Area and Her Majesty the Queen in right of Canada </marc:subfield>
      <marc:subfield code="w">(CaOODSP)9.696303</marc:subfield>
    </marc:datafield>
    <marc:datafield tag="776" ind1="0" ind2="#">
      <marc:subfield code="t">L'accord entre les Inuit de la région du Nunavut et Sa Majesté la Reine du chef du Canada </marc:subfield>
      <marc:subfield code="w">(CaOODSP)9.678581</marc:subfield>
    </marc:datafield>
    <marc:datafield tag="794" ind1=" " ind2=" ">
      <marc:subfield code="t">L'accord entre les Inuit de la région du Nunavut et sa Majesté la Reine du chef du Canada, tel que modifié </marc:subfield>
      <marc:subfield code="w">(CaOODSP)9.637771</marc:subfield>
    </marc:datafield>
    <marc:datafield tag="856" ind1="4" ind2="0">
      <marc:subfield code="a">http://publications.gc.ca</marc:subfield>
      <marc:subfield code="q">PDF</marc:subfield>
      <marc:subfield code="s">1.40 Mo</marc:subfield>
      <marc:subfield code="u">https://publications.gc.ca/collections/Collection/R32-134-1993F.pdf</marc:subfield>
    </marc:datafield>
  </marc:record>
</marc:collection>
